Cities to Continents-Speed Round - Statistics

General Stats
  • This quiz has been taken 17 times
  • The average score is 54 of 100
Answer Stats
Hint Answer % Correct
Lagos Africa
79%
Abu Dhabi Asia
79%
Salzburg Europe
79%
Porto Europe
79%
Perth Oceania
79%
Lima South America
79%
Santiago South America
79%
Yaoundé Africa
71%
Kolkata Asia
71%
Seville Europe
71%
Podgorcia Europe
71%
Tirana Europe
71%
Turin Europe
71%
Rotterdam Europe
71%
Washington D.C North America
71%
Chicago North America
71%
Vancouver North America
71%
San Diego North America
71%
Sydney Oceania
71%
Kinshasa Africa
64%
Dodoma Africa
64%
Ouagadougou Africa
64%
Dakar Africa
64%
Bloemfontein Africa
64%
Windhoek Africa
64%
Bishkek Asia
64%
Ashgabat Asia
64%
Leeds Europe
64%
Split Europe
64%
Mexico City North America
64%
Wellington Oceania
64%
Caracas South America
64%
Addis Ababa Africa
57%
Bissau Africa
57%
Banjul Africa
57%
Lusaka Africa
57%
Xi'an Asia
57%
Kobe Asia
57%
Taichung City Asia
57%
Lahore Asia
57%
Aleppo Asia
57%
Bergen Europe
57%
Malmö Europe
57%
Kharkiv Europe
57%
Minsk Europe
57%
Riga Europe
57%
Plovdiv Europe
57%
Thessaloniki Europe
57%
Havana North America
57%
Edmonton North America
57%
Port Of Spain North America
57%
Alice Springs Oceania
57%
Belo Horizonte South America
57%
La Paz South America
57%
Cusco South America
57%
Sucre South America
57%
Conakry Africa
50%
Freetown Africa
50%
Almaty Asia
50%
Isfahan Asia
50%
Yerevan Asia
50%
Lyon Europe
50%
Guadalajara North America
50%
Santo Domingo North America
50%
Port Moresby Oceania
50%
Barranquilla South America
50%
Rio de Janeiro South America
50%
Alexandria Africa
43%
Accra Africa
43%
Juba Africa
43%
Kigali Africa
43%
Incheon Asia
43%
Vientiane Asia
43%
Herat Asia
43%
Mosul Asia
43%
Nicosia Asia
43%
Worms Europe
43%
Nizhny Novgorod Europe
43%
Lviv Europe
43%
Yellowknife North America
43%
Funafuti Oceania
43%
Gold Coast Oceania
43%
Palikir Oceania
43%
Guayaquil South America
43%
Georgetown South America
43%
Cali South America
43%
Charlottetown North America
36%
Agusta North America
36%
Port-Au-Prince North America
36%
Suva Oceania
36%
Asunción South America
36%
Bangui Africa
29%
Vladivostok Asia
29%
Colombo Asia
29%
Roseau North America
29%
Port Louis Africa
21%
Apia Oceania
21%
Córdoba South America
21%
Cayenne South America
21%
Puducherry Asia
14%
No matching quizzes found
Score Distribution
Percent of People with Each Score
Percentile by Number Answered
Your Score History
You have not taken this quiz